N°1 Mondiaux ATP depuis 2000 - Statistiques

Statistiques générales
  • Ce quiz a été pris 52 fois
  • Le résultat moyen est 10 sur 14
Statistiques - réponses
Hint Réponse % Correct
C.A Carlos Alcaraz
98%
J.S Jannik Sinner
98%
R.N Rafael Nadal
98%
N.D Novak Djokovic
96%
R.F Roger Federer
96%
A.M Andy Murray
91%
D.M Daniil Medvedev
87%
P.S Pete Sampras
71%
JC.F Juan Carlos Ferrero
60%
M.S Marat Safin
53%
A.G Andre Agassi
51%
A.R Andy Roddick
47%
G.K Gustavo Kuerten
40%
L.H Lleyton Hewitt
33%
Aucun quiz correspondant
Distribution des résultats
% des personnes avec chaque résultat
Percentile par nombre de réponses
Votre historique - résultats
Vous n’avez pas pris ce quiz